000
00319nam a22001337a 4500
041
_a
ENG
100
_a
Franklin.F.K
245
_a
Network Analysis And Synthesis
250
_a
Second ED
260
_a
New York
_b
Network Analysis And Synthesis
_c
1999
300
_a
515
650
_a
Competitive Exam
856
_u
Computer
999
_c
712
_d
712